|
|
|
|
| LEADER |
01800nam a2200409 a 4500 |
| 001 |
EBC3050913 |
| 003 |
MiAaPQ |
| 005 |
20200520144314.0 |
| 006 |
m o d | |
| 007 |
cr cn||||||||| |
| 008 |
110513s2011 njua sb 001 0 eng d |
| 010 |
|
|
|z 2011018830
|
| 020 |
|
|
|z 9814335584
|
| 020 |
|
|
|z 9789814335584
|
| 020 |
|
|
|a 9789814335591 (electronic bk.)
|
| 035 |
|
|
|a (MiAaPQ)EBC3050913
|
| 035 |
|
|
|a (Au-PeEL)EBL3050913
|
| 035 |
|
|
|a (CaPaEBR)ebr10524623
|
| 035 |
|
|
|a (CaONFJC)MIL343361
|
| 035 |
|
|
|a (OCoLC)775075526
|
| 040 |
|
|
|a MiAaPQ
|c MiAaPQ
|d MiAaPQ
|
| 050 |
|
4 |
|a HD30.23
|b .K64 2011
|
| 082 |
0 |
4 |
|a 003/.56
|2 23
|
| 100 |
1 |
|
|a Koksalan, M. Murat.
|
| 245 |
1 |
0 |
|a Multiple criteria decision making
|h [electronic resource] :
|b from early history to the 21st century /
|c Murat Koksalan, Jyrki Wallenius, & Stanley Zionts.
|
| 260 |
|
|
|a Hackensack, N.J. :
|b World Scientific,
|c c2011.
|
| 300 |
|
|
|a xi, 197 p. :
|b ill. (some col.)
|
| 504 |
|
|
|a Includes bibliographical references and indexes.
|
| 505 |
0 |
|
|a The early history of MCDM -- MCDM developments in the 1970s -- MCDM developments in the 1980s -- MCDM developments in the 1990s and beyond -- MCDM conferences -- MCDM society traditions -- Awards and presidents -- Biographies of leading MCDM scholars -- Conclusion.
|
| 533 |
|
|
|a Electronic reproduction. Ann Arbor, MI : ProQuest, 2015. Available via World Wide Web. Access may be limited to ProQuest affiliated libraries.
|
| 650 |
|
0 |
|a Multiple criteria decision making
|x History.
|
| 650 |
|
0 |
|a Decision making
|x Mathematical models.
|
| 655 |
|
4 |
|a Electronic books.
|
| 700 |
1 |
|
|a Wallenius, Jyrki.
|
| 700 |
1 |
|
|a Zionts, Stanley,
|d 1937-
|
| 710 |
2 |
|
|a ProQuest (Firm)
|
| 856 |
4 |
0 |
|u https://ebookcentral.proquest.com/lib/matrademy/detail.action?docID=3050913
|z Click to View
|